| 000 | 00677nam a22002297a 4500 | ||
|---|---|---|---|
| 003 | DO-SdBNP | ||
| 005 | 20220203125220.0 | ||
| 008 | 210922b 2019 dr 00| 0 eng d | ||
| 020 | _a9789945220353 | ||
| 040 |
_aDO-SdBNP _bspa _cBPMSU |
||
| 082 | 4 |
_aRD863.44 _bP438c 2019 _222 |
|
| 100 | 1 | _aPérez Gómez, José Alt. | |
| 245 | 1 |
_aCuentos de vecinos / _cJosé Alt. Pérez Gómez |
|
| 260 |
_aSanto Domingo : _bBúho, _c2019. |
||
| 300 |
_a148 p. ; _c22 cm. |
||
| 500 | _aIncluye datos biográficos del autor en las solapas | ||
| 590 | _aInventariado, 2022/VM | ||
| 650 | 4 | _aCuentos Dominicanos | |
| 650 | 4 | _aLiteratura Dominicana | |
| 910 | _aVMateo V. | ||
| 942 |
_2ddc _cBK |
||
| 999 |
_c14008 _d14008 |
||